000 00559nam a2200229Ia 4500
003 OSt
005 20221005125830.0
006 a|||||r|||| 00| 0
007 ta
008 221004b |||||||| |||| 00| 0 mal d
024 _a53053
037 _cTextual
040 _aCRL
_cCRL
_bmal
041 _2mal
_amal
082 _aO44, 32G6
100 _aBharatasahitya Au.
_9637192
245 0 _aPravesika
260 _c1936
650 _aINDIAN LITERATURE
942 _hO44, 32G6
_cTEXL
_2cc
999 _c1055219
_d1055219